Software Open Access

X-Ray Diagnostics, Analysis, Verification and Exploration Code

Bellenbaum, Hannah; Böhme, Maximilian; Gawne, Thomas Daniel


MARC21 XML Export

<?xml version='1.0' encoding='UTF-8'?>
<record xmlns="http://www.loc.gov/MARC21/slim">
  <leader>00000nmm##2200000uu#4500</leader>
  <controlfield tag="005">20260424051125.0</controlfield>
  <datafield tag="024" ind1=" " ind2=" ">
    <subfield code="a">10.14278/rodare.4624</subfield>
    <subfield code="2">doi</subfield>
  </datafield>
  <datafield tag="856" ind1="4" ind2=" ">
    <subfield code="s">55196856</subfield>
    <subfield code="u">https://rodare.hzdr.de/record/4624/files/xdave-main_v0.1.0.zip</subfield>
    <subfield code="z">md5:ca8fb7ef1c8c1792aa993d7d736298bd</subfield>
  </datafield>
  <datafield tag="100" ind1=" " ind2=" ">
    <subfield code="a">Bellenbaum, Hannah</subfield>
    <subfield code="u">Center for Advanced Systems Understanding (CASUS), Helmholtz-Zentrum Dresden-Rossendorf (HZDR), Universität Rostock</subfield>
    <subfield code="0">(orcid)0009-0006-6530-1017</subfield>
  </datafield>
  <datafield tag="909" ind1="C" ind2="O">
    <subfield code="o">oai:rodare.hzdr.de:4624</subfield>
    <subfield code="p">software</subfield>
    <subfield code="p">user-rodare</subfield>
  </datafield>
  <datafield tag="980" ind1=" " ind2=" ">
    <subfield code="a">software</subfield>
  </datafield>
  <datafield tag="260" ind1=" " ind2=" ">
    <subfield code="c">2026-04-22</subfield>
  </datafield>
  <datafield tag="540" ind1=" " ind2=" ">
    <subfield code="u">https://www.gnu.org/licenses/autoconf-exception-3.0.html</subfield>
    <subfield code="a">GNU General Public License v3.0 w/Autoconf exception</subfield>
  </datafield>
  <datafield tag="980" ind1=" " ind2=" ">
    <subfield code="a">user-rodare</subfield>
  </datafield>
  <datafield tag="520" ind1=" " ind2=" ">
    <subfield code="a">&lt;p&gt;Open-source x-ray Thomson scattering code&lt;/p&gt;</subfield>
  </datafield>
  <datafield tag="542" ind1=" " ind2=" ">
    <subfield code="l">open</subfield>
  </datafield>
  <datafield tag="653" ind1=" " ind2=" ">
    <subfield code="a">XRTS</subfield>
  </datafield>
  <datafield tag="650" ind1="1" ind2="7">
    <subfield code="a">cc-by</subfield>
    <subfield code="2">opendefinition.org</subfield>
  </datafield>
  <datafield tag="773" ind1=" " ind2=" ">
    <subfield code="a">https://www.hzdr.de/publications/Publ-43288</subfield>
    <subfield code="i">isPartOf</subfield>
    <subfield code="n">url</subfield>
  </datafield>
  <datafield tag="773" ind1=" " ind2=" ">
    <subfield code="a">10.14278/rodare.4624</subfield>
    <subfield code="i">hasPart</subfield>
    <subfield code="n">doi</subfield>
  </datafield>
  <datafield tag="773" ind1=" " ind2=" ">
    <subfield code="a">https://www.hzdr.de/publications/Publ-43288</subfield>
    <subfield code="i">hasPart</subfield>
    <subfield code="n">url</subfield>
  </datafield>
  <datafield tag="773" ind1=" " ind2=" ">
    <subfield code="a">https://www.hzdr.de/publications/Publ-43288</subfield>
    <subfield code="i">isIdenticalTo</subfield>
    <subfield code="n">url</subfield>
  </datafield>
  <datafield tag="773" ind1=" " ind2=" ">
    <subfield code="a">10.14278/rodare.4623</subfield>
    <subfield code="i">isVersionOf</subfield>
    <subfield code="n">doi</subfield>
  </datafield>
  <controlfield tag="001">4624</controlfield>
  <datafield tag="245" ind1=" " ind2=" ">
    <subfield code="a">X-Ray Diagnostics, Analysis, Verification and Exploration Code</subfield>
  </datafield>
  <datafield tag="700" ind1=" " ind2=" ">
    <subfield code="a">Böhme, Maximilian</subfield>
    <subfield code="u">Lawrence Livermore National Laboratory (LLNL</subfield>
    <subfield code="0">(orcid)0000-0003-0290-3628</subfield>
  </datafield>
  <datafield tag="700" ind1=" " ind2=" ">
    <subfield code="a">Gawne, Thomas Daniel</subfield>
    <subfield code="u">Center for Advanced Systems Understanding (CASUS), Helmholtz-Zentrum Dresden-Rossendorf (HZDR</subfield>
    <subfield code="0">(orcid)0000-0001-9998-3606</subfield>
  </datafield>
</record>
50
1
views
downloads
All versions This version
Views 5050
Downloads 11
Data volume 55.2 MB55.2 MB
Unique views 4343
Unique downloads 11

Share

Cite as